Účtovníctvo pre 2. ročník obchodných akadémií. : (Pracovná časť). /

Uložené v:
Podrobná bibliografia
Hlavní autori: Šlosár, Rudolf (Author), Šlosárová, Anna (Author)
Médium: Kniha
Jazyk:Slovak
Vydané: Bratislava : Iura Edition, spol. s r.o., 2001
Vydanie:3. vyd.
Edícia:Ekonómia
Témy:
ISBN: 8089047130 (brož.)
Fyzický popis: 58 s. + 3 Príl.
Tagy: Pridať tag
Žiadne tagy, Buďte prvý kto otaguje tento záznam!

MARC

LEADER 00000nam a2200000 a 4500
001 000090657
003 SVKK
005 20011128000000.0
008 011112s2001 xo e sloo
020 |a 8089047130 (brož.) 
040 |a SVKKK  |b slo  |c SVKKK  |e AACR2 
041 0 |a slo 
044 |a xo  |c SK 
080 |a 657(075.3)(076)  |2 1997 
100 1 |a Šlosár, Rudolf  |4 aut 
245 1 0 |a Účtovníctvo pre 2. ročník obchodných akadémií. :  |b (Pracovná časť). /  |c Rudolf Šlosár, Anna Šlosárová 
250 |a 3. vyd. 
260 |a Bratislava :  |b Iura Edition, spol. s r.o.,  |c 2001 
300 |a 58 s. +  |e 3 Príl. 
440 0 |a Ekonómia 
653 0 |a účtovníctvo  |2 SVKKKPH 
653 0 |a cvičenia  |2 SVKKKPH 
653 0 |a učebnice stredných škôl  |2 SVKKKPH 
655 7 |a učebnice  |2 SVKKKPH 
700 1 |a Šlosárová, Anna  |4 aut 
910 |a svkkk 
919 |a 80-89047-13-0 
974 |a UH  |d 20011128 
974 |a KL  |d 20011126 
974 |a MI  |d 20011128 
998 |a BK 
090 |g SCKHL  |k Sklad Hlavná 10 prízemie  |a V.207580  |j 942795  |i 2720056455  |s Absenčne